| 000 | 00584pam a2200205 4500 | ||
|---|---|---|---|
| 008 | |||
| 020 | _a0387900950 (pbk.) | ||
| 049 | _aMAIN | ||
| 090 | _aHB139 DHR | ||
| 100 | 1 | _aDhrymes, Phoebus J. | |
| 245 | 1 | 0 |
_aEconometrics : _bstatistical foundations and applications /Phoebus J. Dhrymes. |
| 260 |
_aNew York, _bSpringer-Verlag, _c1974. |
||
| 300 |
_axiv, 592 p. _c24 cm. |
||
| 650 | 0 | _aEconometrics. | |
| 907 |
_a.b10215669 _b19-12-06 _c26-09-06 |
||
| 003 | |||
| 005 | 20230123134250.0 | ||
| 040 | _cNUST | ||
| 942 |
_cBOOKS _kHB139 DHR |
||
| 999 |
_c162923 _d162923 |
||